ბათუმის შოთა რუსთაველის სახელმწიფო უნივერსიტეტის ბიბლიოთეკა

ლექსიკონი ქართული ორ წიგნად.წ.1. (ბიბ.ჩანაწერი № 44341)

000 -LEADER
fixed length control field 00767nam a2200205Ia 4500
001 - CONTROL NUMBER
control field 11102
003 - CONTROL NUMBER IDENTIFIER
control field GE_BSU
008 - FIXED-LENGTH DATA ELEMENTS--GENERAL INFORMATION
fixed length control field 181216s||||||||xx |||||||||||||| ||und||
040 ## - CATALOGING SOURCE
Transcribing agency GE_BSU
080 ## - UNIVERSAL DECIMAL CLASSIFICATION NUMBER
Universal Decimal Classification number 81'374(038)=353.1
100 ## - MAIN ENTRY--PERSONAL NAME
Personal name ორბელიანი,სულხან-საბა
245 ## - TITLE STATEMENT
Title ლექსიკონი ქართული ორ წიგნად.წ.1.
245 ## - TITLE STATEMENT
Statement of responsibility, etc. რედ.ნ.ჟღენტი;მხატვ.ა.სარჩიმელიძე.
260 ## - PUBLICATION, DISTRIBUTION, ETC.
Place of publication, distribution, etc. თბილისი
260 ## - PUBLICATION, DISTRIBUTION, ETC.
Name of publisher, distributor, etc. საბჭოთა საქართველო.
260 ## - PUBLICATION, DISTRIBUTION, ETC.
Date of publication, distribution, etc. 1966.
300 ## - PHYSICAL DESCRIPTION
Extent 632გვ;22სმ.
653 ## - INDEX TERM--UNCONTROLLED
Uncontrolled term ლექსიკონი ქართული ორ წიგნად.წ.1.
942 ## - ADDED ENTRY ELEMENTS (KOHA)
Koha item type წიგნი
ეგზემპლარები
Withdrawn status Lost status Damaged status Not for loan Date acquired Barcode Date last seen Price effective from Koha item type
        2018-12-17 19353 2018-12-17 2018-12-17 წიგნი
        2018-12-17 19354 2018-12-17 2018-12-17 წიგნი
        2018-12-17 19352 2018-12-17 2018-12-17 წიგნი